| 000 | 00883nam a2200217 a 4500 | ||
|---|---|---|---|
| 001 | 000370593 | ||
| 003 | AM-YeHGA | ||
| 005 | 20250617131902.0 | ||
| 008 | 041018s1913 ai 000 | arm d | ||
| 040 | _aAM-YeHGA | ||
| 041 | 1 | _aarm | |
| 100 | 1 | _aՍետոն-Տոմպսոն, Է. | |
| 245 | 1 | 0 |
_aՎինիպեգի գայլը : _bՊատմւածք հերոս կենդանիների կեանքից / _cԷ. Սետոն-Տոմպսոն; Թարգմ.՝ Սիմակ. |
| 260 |
_aԹիֆլիզ : _bտպ. Ն. Աղանեանի, _c1913. |
||
| 300 |
_a23 էջ : _bնկ. ; _c21 սմ. |
||
| 440 | 0 |
_aՆւէր մանուկներին _v8 |
|
| 500 | _aՅաւելւած «Հասկեր» ամսագրի | ||
| 650 | 1 | 4 |
_aԱմերիկյան մանկական գրականություն _xՊատմվածք |
| 700 | 1 |
_aՍահակյան, Սիմակ Մկրտչի, _d1879-1961 _eթարգմ. _4trl |
|
| 090 | _c143004 | ||
| 999 |
_c141624 _d141624 |
||